| 000 | 00409nam a2200169Ia 4500 | ||
|---|---|---|---|
| 008 | 230524s9999 xx 000 0 und d | ||
| 020 | _a8176356085 | ||
| 082 |
_a4.13 _bLAF |
||
| 100 | _aRobert Lafore | ||
| 245 | 0 | _aObject Oriented Programming in C++ | |
| 250 | _a2ND | ||
| 260 |
_aNEW DELHI _bTec Media _c2004 |
||
| 300 | _aXIX;1012 | ||
| 500 | _aQuantity Number: 2 | ||
| 650 | _aComp-Sc | ||
| 942 | _cBK | ||
| 999 |
_c17899 _d17899 |
||